03337nam a22004817a 4500003000800000005001700008008004100025020002200066040004200088041001300130043000900143082001400152100004500166245010100211250002200312260003800334300019900372336002900571337002800600338002800628505008600656505008000742505007000822505008200892505007700974505008801051505006501139505011201204505006901316505007201385505007801457505007901535505007201614520048801686521047002174650002802644650002802672650003402700653004402734653002602778653002702804653002402831BO-EaUP20260505141946.0260505b2024 ck ad|||ri||| 00| 0 spa d a978-958-503-785-4 aBO-EaUPcBiblioadmiempresaseRDAbspa aspahspa as-ck 221a658.5 aSilvera Escudero, Rodolfo EnriqueeAutor10aLogística XY plus. Gestión y Sostenibilidad de la Cadena de Suministro /cRodolfo Silvera E. aPrimera edición aBogotá :bEcoe Edicones, c2024 axxiv, 194 páginas ;bIlustraciones, cuadros, gráficos ; Tapa blanda ;c17 x 24 centímetros.-- (Economía, finanzas, empresa y gestión de la distribución y la logística) ;fRústico 2rdacontenidoatextobtxt 2rdamediaano mediadobn avolumenbnc2rdacarrier2 aCAPÍTULOS 1. Planeación del servicio al cliente en la cadena de suministros.-2 aCAPÍTULOS 2. Ubicación estratégico de los centros de distribución.-2 aCAPÍTULOS 3. Desarrollo sostenible de la empresas en general.- 2 aCAPÍTULOS 4. Logística verde y las estrategias de generación de valor.-2 aCAPÍTULOS 5. Economía circular y su aplicación en la logística.-2 aCAPÍTULOS 6. La importancia de la logística colaborativa en las zonas urbanas.-2 aCAPÍTULOS 7. Plataformas tecnológicas en zonas urbanas.-2 aCAPÍTULOS 8. Medios de transporte terrestre en la distribución de las cargas en la logística urbana.-2 aCAPÍTULOS 9. Estrategias de distribución y planificación.-2 aCAPÍTULOS 10. Indicadores de gestión en la logística urbana.-2 aCAPÍTULOS 11. Sistema de gestión de almacenamiento de mercancías.- 2 aCAPÍTULOS 12. Estudios de casos de la gestión de inventarios en CEDI.-2 aCAPÍTULOS 13. Ejercicios generales de gestión de inventarios.-- aEl libro Logística XY plus es una obra que describe en forma sistemática la sostenibilidad y la colaboración que debe existir en la cadena de suministro. Se analizan situaciones de la economía aplicada a la gestión logística, haciendo énfasis en la logística circular como pilar fundamental de la sostenibilidad de los procesos administrativos de cualquier ente económico que tenga como prioridad el servicio al cliente como herramienta en la generación de valor. aDirigido a estudiantes de Administración de Empresas, Administración Logística, Ingeniería Industrial, Economía, Administración de Negocios Internacionales. De igual forma, a estudiantes tecnólogos en Gestión Logística, coordinadores de procesos logísticos, distribución física, comercio internacional, Especialización Tecnológica en Gestión Económica de la Logística Internacional y Especialización en Logística Internacional. aLOGÍSTICA EMPRESARIAL aOPERACIONES Y PROYECTOS aADMINISTRACIÓN DE PRODUCTOS aDISTRIBUCIÓN FÍSICA DE MERCANCÍAS aDESARROLLO SOSTENIBLE aCONTROL DE INVENTARIOS aSERVICIO AL CLIENTE